[Event "Thanet op"]
[Site "Thanet"]
[Date "2017.08.20"]
[Round "5.2"]
[White "Bates, Richard"]
[Black "Taylor, Martin R"]
[Result "1-0"]
[WhiteElo "2387"]
[BlackElo "2367"]
[PlyCount "71"]
[EventDate "2017.08.18"]
[EventType "swiss"]
[EventRounds "5"]
[EventCountry "ENG"]
[SourceDate "2017.08.28"]

1. d4 d5 2. c4 c6 3. Nf3 Nf6 4. Nc3 e6 5. g3 dxc4 6. Bg2 b5 7. O-O Bb7 8. Ne5
Qb6 9. e4 Nbd7 10. Be3 Rd8 11. Qe2 Be7 12. a4 a6 13. d5 c5 14. Nxd7 Rxd7 15.
axb5 axb5 16. dxe6 fxe6 17. g4 O-O 18. g5 Ne8 19. Qg4 Rd3 20. Rfd1 g6 {(=)} 21.
Rxd3 cxd3 22. Rd1 b4 23. Na4 Qc6 24. b3 Ng7 25. Nb2 Ba6 26. Nxd3 Bxd3 27. Rxd3
Rd8 28. Rxd8+ Bxd8 29. Qd1 Bc7 30. Qc2 Qd6 31. Bxc5 Qxh2+ 32. Kf1 Bd6 33. Bd4
Be5 34. Qc8+ Kf7 35. Bc5 Ne8 36. Qd7+ 1-0

[Event "Thanet op"]
[Site "Thanet"]
[Date "2017.08.20"]
[Round "5.3"]
[White "De Coverly, Roger"]
[Black "Hand, Freddie"]
[Result "1-0"]
[WhiteElo "1954"]
[BlackElo "2138"]
[PlyCount "127"]
[EventDate "2017.08.18"]
[EventType "swiss"]
[EventRounds "5"]
[EventCountry "ENG"]
[SourceDate "2017.08.28"]

1. e4 e5 2. Nf3 Nf6 3. Nxe5 d6 4. Nf3 Nxe4 5. d3 Nf6 6. d4 Bg4 7. c4 Be7 8. Be2
O-O 9. O-O c6 10. Nc3 Na6 11. h3 Bh5 12. a3 d5 13. c5 Bxf3 14. Bxf3 Nc7 15. Rb1
Ne6 16. b4 Ne4 17. Nxe4 dxe4 18. Bxe4 Qxd4 19. Qxd4 Nxd4 20. Re1 {(=)} Bf6 21.
Bb2 Rad8 22. Kf1 a6 23. Rbd1 Nb5 24. Bxf6 gxf6 25. Rxd8 Rxd8 26. Re3 Rd1+ 27.
Ke2 Ra1 28. Rg3+ Kh8 29. Rd3 Rxa3 30. Rxa3 Nxa3 31. Kd3 Kg7 32. Bf5 Nb5 33. Bc8
Nc7 34. Bxb7 Kf8 35. Bxc6 Ke7 36. Kc4 h6 37. Be4 Ke6 38. f4 Nb5 39. g4 Na3+ 40.
Kb3 Nb5 41. Bb7 Nd4+ 42. Kc4 Ne2 43. f5+ Kd7 44. Bxa6 Nf4 45. Kd4 Nxh3 46. Bc4
Nf2 47. Bxf7 Nxg4 48. b5 Ne5 49. Bd5 h5 50. b6 h4 51. Ke3 h3 52. b7 Kc7 53. c6
h2 54. Kf2 Ng4+ 55. Kg3 Ne3 56. Bf3 Nxf5+ 57. Kxh2 Ne7 58. Kg3 Kb8 59. Kf4 Kc7
60. Ke3 Nf5+ 61. Kd3 Ne7 62. Kc4 Kb8 63. Kb5 Kc7 64. Ka6 1-0

[Event "Thanet op"]
[Site "Thanet"]
[Date "2017.08.20"]
[Round "5.4"]
[White "Spink, Benjamin N"]
[Black "McBride, Nick"]
[Result "1-0"]
[WhiteElo "2110"]
[BlackElo "1900"]
[PlyCount "79"]
[EventDate "2017.08.18"]
[EventType "swiss"]
[EventRounds "5"]
[EventCountry "ENG"]
[SourceDate "2017.08.28"]

1. d4 Nf6 2. Nc3 c5 3. d5 e5 4. e4 d6 5. Nf3 Be7 6. h3 Nbd7 7. a4 Nf8 8. Bb5+
Bd7 9. Nd2 a6 10. Bxd7+ N6xd7 11. Nc4 Nb6 12. Ne3 g6 13. a5 Nc8 14. Nc4 Bg5 15.
O-O Bxc1 16. Qxc1 g5 17. Nd1 Ng6 18. Nde3 h5 19. g3 h4 20. Kg2 Ra7 21. Ng4 Rf8
22. Ra3 f5 23. exf5 Rxf5 24. Rb3 Qe7 25. Re1 Kf8 26. Qd2 Kg7 27. Qd3 Rf7 28.
Qe3 Rf5 29. Qe4 Rf7 30. Ree3 Qd8 31. Rf3 Rxf3 32. Qxf3 Qf8 33. Qe4 b5 34. axb6
Rb7 35. Nge3 hxg3 36. fxg3 Rf7 37. b7 Rf2+ 38. Kg1 Nh4 39. gxh4 Rf4 40. Qg2 1-0

[Event "Thanet op"]
[Site "Thanet"]
[Date "2017.08.20"]
[Round "5.5"]
[White "Bowmer, Kevin"]
[Black "Cove, Henry"]
[Result "1-0"]
[WhiteElo "2041"]
[BlackElo "1900"]
[PlyCount "41"]
[EventDate "2017.08.18"]
[EventType "swiss"]
[EventRounds "5"]
[EventCountry "ENG"]
[SourceDate "2017.08.28"]

1. e4 c5 2. Nf3 d6 3. d4 cxd4 4. Nxd4 Nf6 5. Nc3 a6 6. f3 e5 7. Nb3 Be6 8. Be3
Be7 9. Qd2 O-O 10. O-O-O a5 11. Bb5 Na6 12. Qe2 Qb8 13. g4 Rc8 14. g5 Nd7 15.
Nd5 Bd8 16. Kb1 Ndc5 17. Nxc5 Nxc5 18. a4 Bd7 19. Bxc5 Bxb5 20. Qxb5 Rxc5 21.
Qe8# 1-0

[Event "Thanet op"]
[Site "Thanet"]
[Date "2017.08.20"]
[Round "5.6"]
[White "Ilinca, Cristian"]
[Black "Faldon, David"]
[Result "1/2-1/2"]
[WhiteElo "1692"]
[BlackElo "1911"]
[PlyCount "31"]
[EventDate "2017.08.18"]
[EventType "swiss"]
[EventRounds "5"]
[EventCountry "ENG"]
[SourceDate "2017.08.28"]

1. d4 e6 2. Nf3 f5 3. Bf4 Nf6 4. e3 b6 5. Nbd2 Bb7 6. Bd3 Be7 7. h3 c5 8. c3
Nc6 9. Qe2 Rc8 10. dxc5 Bxc5 11. O-O O-O 12. Nc4 d6 13. Rad1 Kh8 14. Bh2 Ne4
15. Qc2 d5 16. Nce5 1/2-1/2